| 000 | 00596ngm a2200181 a 4500 | ||
|---|---|---|---|
| 005 | 20210223124155.0 | ||
| 008 | 010609s1990 mx 013 aaspa d | ||
| 035 | _aUPN01000107962 | ||
| 049 | _aAV | ||
| 050 | 4 | _aPVI H 0821 | |
| 245 | 0 | 0 | _aConozcamos nuestros billetes. |
| 260 |
_a[México] : _bBanco de México, _c[199-]. |
||
| 300 |
_a1 videocasete (VHS) (13 min.) : _bson., col. |
||
| 520 | _aInteresante recorrido por la historia de la impresión de los diferentes billetes que hemos usado | ||
| 650 | 4 |
_aBILLETES DE BANCO _93951 |
|
| 650 | 4 |
_aPAPEL MONEDA _923140 |
|
| 905 | _aAudiovisuales | ||
| 999 |
_c81874 _d81874 |
||